Histoire du drapeau de l'Albanie - Statistiques

Statistiques générales
  • Ce quiz a été pris 155 fois
    23 depuis la dernière actualisation
  • Le résultat moyen est 6 sur 20
Statistiques - réponses
Hint Réponse % Correct
Quatrième drapeau de l'empire Ottoman (1844-1912)
58%
Empire romain (-10 - 395)
58%
Troisième drapeau de l'empire Ottoman (1793-1844)
50%
République d'Albanie (drapeau actuel depuis 1991)
50%
Empire Byzantin (395-780)
42%
Deuxième drapeau de l'empire Ottoman (1517-1793)
33%
Deuxième drapeau de la république populaire socialiste d'Albanie (1946-1991)
33%
Royaume d'Albanie sous occupation italienne (1939-1943)
33%
Principauté de Serbie (780-1190)
33%
Deuxième drapeau de la principauté d'Albanie (1920-1925)
25%
Sandjak d'Albanie (1415-1444) et Premier drapeau de l'empire Ottoman (1506-1517)
25%
Royaume d'Albanie (1928-1939)
25%
Premier drapeau de la république populaire socialiste d'Albanie (1944-1946)
25%
Principauté d'Arbëria (1190-1256)
17%
Principauté d'Albanie (1328-1415)
17%
Gouvernement provisoire d'Albanie (1912-1914)
17%
Royaume d'Albanie (1272-1368)
17%
Royaume d'Albanie sous occupation allemande (1943-1944)
8%
Premier drapeau de la principauté d'Albanie (1914-1920)
8%
République Albanaise (1925-1928)
0%
Aucun quiz correspondant
Distribution des résultats
% des personnes avec chaque résultat
Percentile par nombre de réponses
Votre historique - résultats
Vous n’avez pas pris ce quiz depuis la dernière actualisation